[Event "DVM U14 2013"]
[Site "Magdeburg GER"]
[Date "2013.12.28"]
[Round "3"]
[White "Tschammer, Kai"]
[Black "Schuler, Max"]
[Result "0-1"]
[Termination "normal"]
[Board "7.3"]
[WhiteElo "1612"]
[BlackElo "1426"]
[WhiteTeam "SC Erlangen"]
[BlackTeam "SG Grün-Weiß Dresden"]
[WhiteFideId "12939099"]
[BlackFideId "12964913"]
[EventCountry "GER"]
[EventRounds "7"]
[EventType "team-swiss"]
[EventDate "2013.12.26"]

1. d4 d5 2. Nc3 c6 3. e4 e6 4. Nf3 Nf6 5. Bd3 Bb4 6. Qe2 O-O 7. Bg5 h6 8. Bh4
Be7 9. e5 Nfd7 10. Bxe7 Qxe7 11. g4 c5 12. dxc5 Nxc5 13. g5 Nxd3+ 14. Qxd3 h5
15. Rg1 g6 16. Nh4 Kg7 17. O-O-O Nc6 18. f4 Qb4 19. Rdf1 Qd4 20. Qf3 Qc4 21.
Ng2 a5 22. Ne3 Qc5 23. Na4 Qb4 24. Nc3 a4 25. a3 Qc5 26. h4 b5 27. Rd1 b4 28.
axb4 Qxb4 29. Rd2 a3 30. b3 Bb7 31. f5 Qxc3 32. fxg6 Qa1# 0-1

[Event "DVM U14 2013"]
[Site "Magdeburg GER"]
[Date "2013.12.28"]
[Round "3"]
[White "Michel, Richard"]
[Black "Buzatu, Alexander"]
[Result "1-0"]
[Termination "normal"]
[Board "7.4"]
[WhiteElo "1608"]
[BlackElo "1211"]
[WhiteTeam "SG Grün-Weiß Dresden"]
[BlackTeam "SC Erlangen"]
[WhiteFideId "1270310"]
[BlackFideId "12983560"]
[EventCountry "GER"]
[EventRounds "7"]
[EventType "team-swiss"]
[EventDate "2013.12.26"]

1. e4 e5 2. Nf3 Nc6 3. d4 exd4 4. Nxd4 Bc5 5. Nxc6 Qf6 6. Qd2 dxc6 7. Nc3 Be6
8. Na4 Rd8 9. Bd3 Bd4 10. O-O b5 11. c3 bxa4 12. cxd4 Qxd4 13. Rd1 Bg4 14. Re1
Qxd3 15. Qg5 Be6 16. Qxg7 Qd4 17. e5 Qe4 18. Bh6 Qh4 19. Bg5 Qxg5 20. Qxg5 Ne7
21. Qe3 Bd5 22. Qxa7 Rg8 23. g3 Nf5 24. Qxa4 Ke7 25. Rad1 h5 26. e6 Rg4 27.
Qa3+ Rd6 28. exf7+ Kxf7 29. h3 Rgg6 30. Kh2 Nh4 31. Qd3 Nf5 32. Qc3 h4 33. g4
Ne7 34. Re3 Rde6 35. Rxe6 Bxe6 36. Qe5 Nd5 37. f4 1-0

[Event "DVM U14 2013"]
[Site "Magdeburg GER"]
[Date "2013.12.28"]
[Round "3"]
[White "Philipp, Mathias"]
[Black "Kuhn, Magnus"]
[Result "1/2-1/2"]
[Termination "normal"]
[Board "8.1"]
[WhiteElo "1744"]
[BlackElo "1653"]
[WhiteTeam "SSV Vimaria Weimar"]
[BlackTeam "SV Stuttgart-Wolfbusch"]
[WhiteFideId "12958883"]
[BlackFideId "12926345"]
[EventCountry "GER"]
[EventRounds "7"]
[EventType "team-swiss"]
[EventDate "2013.12.26"]

1. e4 e5 2. Nf3 Nc6 3. d4 exd4 4. Nxd4 Bc5 5. Be3 Qf6 6. Nb5 Bxe3 7. fxe3 Qh4+
8. g3 Qd8 9. Qg4 Kf8 10. Qf4 d6 11. N1c3 Ne5 12. Be2 Nf6 13. O-O-O Ng6 14. Qf2
Ke7 15. Nd5+ Nxd5 16. exd5 Re8 17. Bd3 Kf8 18. Nd4 Qe7 19. e4 Ne5 20. Rhe1 Kg8
21. Nf5 Qg5+ 22. Qe3 Qh5 23. Be2 Qg6 24. Qf4 Bxf5 25. exf5 Qf6 26. h4 Qd8 27.
Qg5 f6 28. Qf4 Nf7 29. Bb5 Re5 30. Rxe5 dxe5 31. Qf3 Nd6 32. Bd3 Qe7 33. Be4
Rd8 34. c3 Nxe4 35. Qxe4 Qc5 36. Qf3 Rd6 37. Qd3 c6 38. c4 Rxd5 39. Qb3 Rxd1+
40. Kxd1 Qg1+ 41. Ke2 Qb6 42. Qc3 Qd8 43. Qe3 b6 44. b4 Qd6 45. Qb3 Kf8 46. c5
Qb8 47. Qc4 1/2-1/2

[Event "DVM U14 2013"]
[Site "Magdeburg GER"]
[Date "2013.12.28"]
[Round "3"]
[White "Dallinger, Moritz"]
[Black "Latka, Richard"]
[Result "0-1"]
[Termination "normal"]
[Board "8.2"]
[WhiteElo "1528"]
[BlackElo "1485"]
[WhiteTeam "SV Stuttgart-Wolfbusch"]
[BlackTeam "SSV Vimaria Weimar"]
[WhiteFideId "12910864"]
[BlackFideId "24690082"]
[EventCountry "GER"]
[EventRounds "7"]
[EventType "team-swiss"]
[EventDate "2013.12.26"]

1. e4 c5 2. Nf3 Nc6 3. d4 cxd4 4. Nxd4 Nf6 5. Nc3 e5 6. Ndb5 d6 7. Bg5 a6 8.
Na3 b5 9. Nd5 Be6 10. Bxf6 gxf6 11. c4 b4 12. Nc2 a5 13. Be2 Bg7 14. Bg4 Rb8
15. b3 Qd7 16. Nce3 Nd4 17. O-O Rg8 18. f4 Bh8 19. f5 Bxd5 20. Nxd5 Qa7 21. Kh1
Kd7 22. Bh5 Kc6 23. Ne3 Rg5 24. Bf3 Rbg8 25. Qd2 Bg7 26. Nc2 Nxf3 27. Rxf3 Bh6
28. Qd5+ Kc7 29. Qxf7+ Kb8 30. Qxa7+ Kxa7 31. Ne1 Rg4 32. Rd3 Rd8 33. Rh3 Bg5
34. Rxh7+ Kb6 35. Nf3 Rxe4 36. Nxg5 fxg5 37. Rg7 g4 38. f6 Rf8 39. f7 Rf4 40.
Rd1 Kc5 41. Kg1 R8xf7 42. Rxf7 Rxf7 43. Rd5+ Kc6 44. Rxa5 e4 45. Rg5 e3 46.
Rxg4 e2 47. h3 e1=Q+ 48. Kh2 Qe5+ 0-1

[Event "DVM U14 2013"]
[Site "Magdeburg GER"]
[Date "2013.12.28"]
[Round "3"]
[White "Kobald, Pierre"]
[Black "Katzschmann, Christian"]
[Result "0-1"]
[Termination "normal"]
[Board "8.4"]
[WhiteElo "1095"]
[BlackElo "1221"]
[WhiteTeam "SV Stuttgart-Wolfbusch"]
[BlackTeam "SSV Vimaria Weimar"]
[WhiteFideId "12983659"]
[BlackFideId "12983667"]
[EventCountry "GER"]
[EventRounds "7"]
[EventType "team-swiss"]
[EventDate "2013.12.26"]

1. e4 c5 2. Nf3 Nc6 3. d4 cxd4 4. Nxd4 Nf6 5. Nc3 e5 6. Nf3 Bb4 7. Bd2 Bxc3 8.
Bxc3 O-O 9. Bd3 Re8 10. Bc4 a6 11. Ng5 Rf8 12. O-O b5 13. Bb3 d6 14. h3 h6 15.
Nf3 Nxe4 16. Qd5 Nxc3 17. Qxc6 Ne2+ 18. Kh1 Be6 19. Bxe6 fxe6 20. Qe4 Nd4 21.
b3 {nicht nachvollziehbar} 0-1

[Event "DVM U14 2013"]
[Site "Magdeburg GER"]
[Date "2013.12.28"]
[Round "3"]
[White "Roth, Jan Paul"]
[Black "Timpel, Kaan"]
[Result "1/2-1/2"]
[Termination "normal"]
[Board "9.2"]
[WhiteElo "1466"]
[BlackElo "1044"]
[WhiteTeam "OSC Rheinhausen"]
[BlackTeam "Sfr. Schöneck"]
[WhiteFideId "12952419"]
[BlackFideId "12983683"]
[EventCountry "GER"]
[EventRounds "7"]
[EventType "team-swiss"]
[EventDate "2013.12.26"]

1. d4 c5 2. Nf3 cxd4 3. Nxd4 e5 4. Nf3 Nc6 5. c3 Be7 6. e4 Nf6 7. Bb5 Nxe4 8.
Bxc6 bxc6 9. Nxe5 Ba6 10. Nd2 Nf6 11. Ndf3 O-O 12. Be3 c5 13. Nd3 c4 14. Nc1 d5
15. Ne2 Qb8 16. Qc2 Ne4 17. Ng3 Bb7 18. Nxe4 dxe4 19. Nd2 f5 20. Bd4 Qc7 21.
Qa4 Bd5 22. Qb5 Rfd8 23. Qa4 Bg5 24. Qd1 Rab8 25. h4 Bh6 26. b4 cxb3 27. axb3
Bxd2+ 28. Qxd2 Rxb3 29. Qg5 Rxc3 30. O-O Rc4 31. Rxa7 h6 32. Qxg7+ Qxg7 33.
Rxg7+ Kf8 34. Ba1 Rc6 35. Rh7 Rdd6 36. Bb2 Rg6 37. Rc1 Rxc1+ 38. Bxc1 Kg8 39.
Rxh6 Rxh6 40. Bxh6 Kh7 41. Bg5 Kg6 42. g3 Kh5 43. Kf1 Bc4+ 44. Ke1 Bd3 45. Kd2
Kg4 46. Ke3 Bc2 47. Kd4 Ba4 48. Ke5 Bd7 49. Kf6 Kh5 50. Bf4 Bc8 51. Be3 Bd7 52.
Ke5 Kg4 53. Kf6 Kh5 1/2-1/2

[Event "DVM U14 2013"]
[Site "Magdeburg GER"]
[Date "2013.12.28"]
[Round "3"]
[White "Bröll, Justin"]
[Black "Özkan, Afet-Ekin"]
[Result "0-1"]
[Termination "normal"]
[Board "9.3"]
[WhiteElo "1032"]
[BlackElo "1448"]
[WhiteTeam "Sfr. Schöneck"]
[BlackTeam "OSC Rheinhausen"]
[WhiteFideId "12983691"]
[BlackFideId "12952117"]
[EventCountry "GER"]
[EventRounds "7"]
[EventType "team-swiss"]
[EventDate "2013.12.26"]

1. e4 e6 2. d4 d5 3. e5 c5 4. c3 Nc6 5. Nf3 Qb6 6. Be2 Nge7 7. O-O cxd4 8. cxd4
Nf5 9. Nc3 Nfxd4 10. Nxd4 Nxd4 11. b3 Nxe2+ 12. Nxe2 Bd7 13. Be3 Qa6 14. f4 Bb5
15. Rf2 b6 16. a4 Bxe2 17. Rxe2 Bc5 18. Bxc5 bxc5 19. Rf2 Rc8 20. f5 exf5 21.
Rxf5 Qe6 22. Qg4 g6 23. Rg5 Qxg4 24. Rxg4 Ke7 25. Kf2 d4 26. Kf3 Rb8 27. Rb1
Rb4 28. Rf4 Ke6 29. Ke4 d3+ 30. Ke3 Rxf4 31. Kxf4 Rd8 32. Rd1 d2 33. g3 Rd4+
34. Ke3 Kxe5 35. Rxd2 Rxd2 36. Kxd2 Kd4 37. h3 a5 38. h4 c4 39. b4 axb4 40. a5
Kc5 41. Ke3 Kb5 42. Kd4 c3 43. Kd3 Kxa5 44. Kc4 c2 0-1

[Event "DVM U14 2013"]
[Site "Magdeburg GER"]
[Date "2013.12.28"]
[Round "3"]
[White "Hörle, Joshua Stanley"]
[Black "Jung, Kenny"]
[Result "1/2-1/2"]
[Termination "normal"]
[Board "9.4"]
[WhiteElo "1361"]
[BlackElo "977"]
[WhiteTeam "OSC Rheinhausen"]
[BlackTeam "Sfr. Schöneck"]
[WhiteFideId "12983594"]
[BlackFideId "12983713"]
[EventCountry "GER"]
[EventRounds "7"]
[EventType "team-swiss"]
[EventDate "2013.12.26"]

1. c4 d5 2. cxd5 Qxd5 3. Nc3 Qd8 4. g3 Nc6 5. Bg2 Bd7 6. Nf3 Nf6 7. d3 e6 8.
O-O Bc5 9. Bg5 O-O 10. e4 h6 11. Bf4 Re8 12. a3 a6 13. b4 Ba7 14. Ne5 Nxe5 15.
Bxe5 Bc6 16. Qc2 Ng4 17. Bf4 Bd4 18. Rad1 e5 19. Bd2 Qf6 20. Bc1 Rad8 21. Bh3
h5 22. Bxg4 hxg4 23. Be3 Bxc3 24. Qxc3 Ba4 25. Rc1 c6 26. Qd2 Rd7 27. Qe2 Qe6
28. f3 gxf3 29. Rxf3 Red8 30. Bb6 Rb8 31. Rc5 Bb5 32. Qc2 Qg4 33. Kg2 a5 34.
Rxe5 axb4 35. axb4 Ra8 36. Qb3 Ba4 37. Qb2 Bd1 38. Rf4 Qe2+ 39. Qxe2 Bxe2 40.
d4 Ra6 41. Bc5 b6 42. Rh4 f6 43. Re8+ Kf7 44. Rf8+ Ke6 45. d5+ cxd5 46. exd5+
Kxd5 47. Rd4+ Kc6 48. Rxd7 Kxd7 49. Be3 Ke7 50. Rb8 Kd6 51. Rxb6+ Rxb6 52. Bxb6
Kc6 53. Bc5 Kd5 54. Kf2 Bc4 55. Kf3 g6 56. h4 Ke5 57. g4 Ke6 58. h5 gxh5 59.
gxh5 Kf7 60. h6 Kg6 61. Bf8 Kh7 62. Ke4 Kg8 63. Kf5 Kxf8 64. Kxf6 Kg8 65. Kg5
Kh7 66. Kh5 Kh8 67. Kg6 Kg8 68. Kg5 1/2-1/2

[Event "DVM U14 2013"]
[Site "Magdeburg GER"]
[Date "2013.12.28"]
[Round "3"]
[White "Kokshenyev, Michael"]
[Black "Caprita, Victor"]
[Result "0-1"]
[Termination "normal"]
[Board "10.2"]
[WhiteElo "1091"]
[BlackElo "1658"]
[WhiteTeam "Karlsruher SF 1853"]
[BlackTeam "BSG Grün-Weiß Leipzig"]
[WhiteFideId "12983721"]
[BlackFideId "12946125"]
[EventCountry "GER"]
[EventRounds "7"]
[EventType "team-swiss"]
[EventDate "2013.12.26"]

1. c4 e6 2. d4 d5 3. Nc3 Nf6 4. Nf3 Bb4 5. Bg5 Bd7 6. e3 h6 7. Bxf6 Qxf6 8. Be2
O-O 9. O-O dxc4 10. Bxc4 Rd8 11. Qd3 c5 12. Ne4 Qe7 13. Rad1 cxd4 14. Nxd4 Nc6
15. Qe2 Nxd4 16. Rxd4 Bc6 17. Ng3 Rxd4 18. exd4 Rd8 19. Rd1 Qf6 20. Ne4 Bxe4
21. Qxe4 Bc5 22. Qxb7 Rxd4 23. Qc8+ Kh7 24. Rxd4 Qxd4 0-1

[Event "DVM U14 2013"]
[Site "Magdeburg GER"]
[Date "2013.12.28"]
[Round "3"]
[White "Kahl, Marvin"]
[Black "Klingenberg, Florian"]
[Result "1-0"]
[Termination "normal"]
[Board "10.3"]
[WhiteElo "1387"]
[BlackElo "961"]
[WhiteTeam "BSG Grün-Weiß Leipzig"]
[BlackTeam "Karlsruher SF 1853"]
[WhiteFideId "12983624"]
[BlackFideId "12983730"]
[EventCountry "GER"]
[EventRounds "7"]
[EventType "team-swiss"]
[EventDate "2013.12.26"]

1. e4 c6 2. d4 d5 3. exd5 cxd5 4. Bd3 Nf6 5. Nc3 g6 6. Bf4 Nc6 7. Nf3 Bg7 8.
Qd2 O-O 9. O-O Re8 10. Bb5 a6 11. Bxc6 bxc6 12. Ne5 Bd7 13. Nxd7 Nxd7 14. Bh6
Rb8 15. Bxg7 Kxg7 16. b3 e5 17. dxe5 Nxe5 18. Qd4 Kg8 19. Rfe1 Qg5 20. Re3 Re7
21. f4 Qg4 22. Rxe5 Rxe5 23. Qxe5 Qd7 24. Qxb8+ Kg7 25. Qe5+ Kg8 26. Re1 Kf8
27. Qh8# 1-0

[Event "DVM U14 2013"]
[Site "Magdeburg GER"]
[Date "2013.12.28"]
[Round "3"]
[White "Wegmer, Leon"]
[Black "Jahn, Felix"]
[Result "0-1"]
[Termination "normal"]
[Board "10.4"]
[WhiteElo "918"]
[BlackElo "1384"]
[WhiteTeam "Karlsruher SF 1853"]
[BlackTeam "BSG Grün-Weiß Leipzig"]
[WhiteFideId "12983748"]
[BlackFideId "12983632"]
[EventCountry "GER"]
[EventRounds "7"]
[EventType "team-swiss"]
[EventDate "2013.12.26"]

1. d4 Nf6 2. c4 e6 3. e3 Bb4+ 4. Nc3 Bxc3+ 5. bxc3 c5 6. Nf3 Nc6 7. Ba3 cxd4 8.
cxd4 Qa5+ 9. Nd2 Qxa3 10. Be2 O-O 11. O-O d5 12. Qc2 Qa5 13. Nb3 Qc7 14. Bf3
Nb4 15. Qc3 Qxc4 16. Qxc4 dxc4 17. Nd2 c3 18. Nb3 Rb8 19. h3 b6 20. Be2 Ba6 21.
Bxa6 Nxa6 22. Rfc1 Rfc8 23. Kf1 Nb4 24. Ke2 c2 25. Kd2 Ne4+ 26. Ke2 Nc3+ 27.
Kd2 Ncxa2 28. Rf1 c1=Q+ 29. Rfxc1 Rxc1 30. Nxc1 Nxc1 31. Kxc1 Nd3+ 0-1